000 00368nam a2200145Ia 4500
100 _aConway/ R. & other
650 _aElectrical Engineering
942 _cBK
654 _aIntro. to microprocessor
245 _aIntro. to microprocessor programming using PLZ.
260 _bWinthrop Pub.
_aCambridge
_c1979
082 _a1.6424
300 _a593
546 _aENGLISH
999 _c25331
_d25331